000 02893cam a22005054i 4500
003 PE-LiUPU
005 20250731173111.0
008 181220s2017 it a r 001 0 eng
020 _a8891310123
020 _a9788891310125
035 _a(Sirsi) a251124
049 _aPRUA
082 0 4 _a930.1
_bC97
_223
100 1 _aCuomo di Caprio, Ninina,
_eautor.
245 1 0 _aCeramics in archaeology :
_bfrom prehistoric to medieval times in Europe and the Mediterranean : ancient craftsmanship and modern laboratory techniques /
_cNinina Cuomo di Caprio.
264 1 _aRoma :
_b"L'Erma" di Bretschneider,
_c2017.
300 _a2 volúmenes :
_bilustraciones ;
_c28 centímetros
336 _atext
_2rdacontent
337 _aunmediated
_2rdamedia
338 _avolume
_2rdacarrier
504 _aBibliografía: páginas 1-14.
504 _aÍndice: páginas 653-664.
505 0 _aVolumen I,
_tCeramics in archaeology :
_aFrom prehistoric to medieval times in Europe and the Mediterranean : ancient craftsmanship and modern laboratory techniques.
_aAncient craftsmanship -- Introducing part one -- Clay -- Clay minerals -- Nonclay minerals and incidental constituents -- Technological properties of clay and pottery -- Working the clay -- Forming -- Drying -- Applying coatings to vessels before firing -- Slip and gloss -- Glazing and new technologies in medieval times -- Decorating vessels before firing in antiquity -- Firing.
505 0 _aVolumen II,
_tCeramics in archaeology :
_bFrom prehistoric to medieval times in Europe and the Mediterranean : ancient craftsmanship and modern laboratory techniques.
_aModern laboratory techniques -- Introducing part two : archaeological ceramics in the laboratory -- Om optical microscopy for mineralogical characterization -- Thermal techniques -- Physicochemical techniques -- Characterization techniques -- The decade 2001-2010 : a ten-year trend in the application of analytical techniques to archaeological ceramics.
526 _aSEG42
526 _aSEG41
526 _aSEG40
526 _aSEG39
526 _aP94
526 _aP87
526 _aP86
526 _aP85
526 _aP77
526 _aP76
526 _aP35
650 0 4 _aArqueología
_xMetodología
_vManuales, manuales, etc.
650 0 4 _aCeramics
_vHandbooks, manuals, etc.
910 _adbm
_bsag
_csag
_d20181220
942 _2ddc
_cBOOK
994 _aC0
_bPEPRU
596 _a1
999 _a220.93 T4 1
_wDEWEY
_c30573
_i79428
_f2021-11-9
_g3
_lCCODEBUL1
_mBUL
_p90.00
_r0
_sY
_tBOOK
_u2018-12-20
_xTEOLOGIA
_PP85
_0COMPRA
_1FCOMPR2
_o.STAFF. Colección Teología
_d30573
999 _a220.93 T4 2
_wDEWEY
_c1
_i79429
_f2021-11-9
_g3
_lCCODEBUL1
_mBUL
_p90.00
_r0
_sY
_tBOOK
_u2018-12-26
_xTEOLOGIA
_PP85
_0COMPRA
_1FCOMPR2
_o.STAFF. Colección Teología
980 _81
_gALBERTO SANCHEZ Responsable de Automatización